Guess the Taylor Swift song no hints #11 - Statistics

General Stats
  • This quiz has been taken 73 times
  • The average score is 247 of 321
Answer Stats
Answer % Correct
I
100%
me
100%
a
98%
ah
98%
it
98%
you?
98%
you
98%
You
98%
the
96%
The
96%
And
94%
and
94%
I'm
94%
In
94%
in
94%
is
94%
it's
94%
We
94%
we
94%
love
92%
were
92%
we're
92%
go
90%
my
90%
that
90%
this
90%
when
90%
your
90%
if
88%
like
88%
for
85%
to
85%
you're
85%
You're
85%
just
83%
But
81%
can
81%
do
81%
They
81%
by
79%
can't
79%
I'd
79%
not
79%
with
79%
how
77%
so
77%
us
77%
know
75%
said
75%
talk
75%
there
75%
think
75%
could
73%
Even
73%
get
73%
god
73%
all
71%
false
71%
still
71%
Still
71%
up
71%
say
69%
worship
69%
away
67%
die
67%
good
67%
We'd
67%
babe
65%
times
65%
hell
63%
might
63%
New
63%
out
63%
Remember
63%
about
60%
City
60%
crazy
60%
Crazy
60%
gets
60%
York
60%
hips
58%
leave
58%
thing
58%
work
58%
blind
56%
Blind
56%
faith
56%
favorite
56%
lost
56%
Make
56%
stupid
56%
Got
54%
warned
54%
altar
52%
fight
52%
lips
52%
Religion's
52%
town
52%
jump
50%
led
50%
road
50%
ocean
48%
touch
48%
village
48%
west
48%
heaven's
46%
patch
46%
Staring
46%
window
46%
Honey
44%
wine
44%
hard
42%
try
42%
fly
40%
separating
38%
begging
35%
scare
35%
Daring
33%
confessions
29%
forgiveness
15%
No matching quizzes found
Score Distribution
Percent of People with Each Score
Percentile by Number Answered
Your Score History
You have not taken this quiz